Sports Quiz

Random Sports or Math Quiz
Score 0/10 Timer 03:00
0 Plays Today
Solve: Answer % Correct
(Dustin Pedroia - Cam Newton) / (Mickey Mantle) =2
80%
(Hines Ward + David Ortiz) / (Brett Favre) =30
77.8%
(Derek Jeter x Lawrence Taylor) + (Eric Dickerson) =141
64.4%
(Mike Trout - Steve Young) x (Jay Cutler) =114
55.6%
(George Brett) x (Mike Schmidt) x (Cal Ripken, Jr.) =800
51.1%
(Phil Simms + Warren Moon + Wayne Gretzky) x (Joe Flacco) = 555
48.9%
(Dan Fouts + Walter Payton) / (Babe Ruth) =16
48.9%
(Kenny Stabler + George Blanda) / (Mark McGwire + Allen Iverson) = 1
28.9%
(Chipper Jones x Fran Tarkenton) + (Steve Largent - Howie Long) =105
26.7%
(Jerome Bettis - Franco Harris) x (LaDainian Tomlinson + Deion Sanders) =168
22.2%
Come Together.
Have Fun.
All Virtual.
We all need to come together. Play Sporcle's virtual live trivia to have fun, connect with people, and get your trivia on. Join a live hosted trivia game for your favorite pub trivia experience done virtually. If a virtual private party is more your thing, go here for details.

You're not logged in!

Compare scores with friends on all Sporcle quizzes.
OR
Log In

Sporcle TV

Today on Sporcle TV


Watch our educational content, quiz creation guides, and fun videos on Sporcle TV.

Show Comments

Extras

Top Quizzes Today


Score Distribution

Paid Content

Your Account Isn't Verified!

In order to create a playlist on Sporcle, you need to verify the email address you used during registration. Go to your Sporcle Settings to finish the process.

Report this User

Report this user for behavior that violates our Community Guidelines.

Details: